Five Largest US States by Region (with a map) - Statistics

General Stats
  • This quiz has been taken 353 times
  • The average score is 18 of 20
Answers on the Map
Answers color-coded by a green-red scale on the quiz's map according to % correct below.
 
Answer Stats
Region Area State % Correct
West 163,694 California
99%
South 268,596 Texas
99%
South 65,757 Florida
98%
West 665,384 Alaska
97%
Northeast 54,554 New York
97%
West 147,039 Montana
96%
West 121,590 New Mexico
96%
West 113,990 Arizona
93%
Northeast 35,379 Maine
93%
Northeast 46,054 Pennsylvania
92%
South 59,425 Georgia
91%
Midwest 86,935 Minnesota
91%
Midwest 96,713 Michigan
90%
South 69,898 Oklahoma
89%
South 53,819 North Carolina
88%
Midwest 82,278 Kansas
87%
Midwest 77,347 Nebraska
86%
Midwest 77,115 South Dakota
82%
Northeast 8,722 New Jersey
80%
Northeast 10,554 Massachusetts
77%
No matching quizzes found
Score Distribution
Percent of People with Each Score
Percentile by Number Answered
Your Score History
You have not taken this quiz